[Event "FRA-ch Youth U14 2018"]
[Site "Agen"]
[Date "2018.04.18"]
[Round "5"]
[White "Amr-Tardif, Corail"]
[Black "Courjal, Pauline"]
[Result "1/2-1/2"]
[WhiteElo "1495"]
[BlackElo "1509"]
[Annotator "NA"]
[PlyCount "142"]
[EventDate "2018.??.??"]
[EventType "swiss"]
[EventCountry "FRA"]
[SourceTitle "playchess.com"]
[Source "ChessBase"]
[SourceQuality "1"]
[TimeControl "5400+30"]

1. e4 {[%emt 0:00:00]} e6 {[%emt 0:00:06]} 2. d3 {[%emt 0:00:00]} d5 {[%emt 0:00:07]} 3. Nd2 {[%emt 0:00:00]} dxe4 {[%emt 0:02:04]} 4. dxe4 {[%emt 0:00:00]} b6 {[%emt 0:04:21]} 5. Bb5+ {[%emt 0:02:23]} Nd7 {[%emt 0:06:45]} 6. Ngf3 {[%emt 0:00:27]} Bb7 {[%emt 0:03:00]} 7. O-O {[%emt 0:04:23]} c6 {[%emt 0:07:09]} 8. Be2 {[%emt 0:06:10]} Ngf6 {[%emt 0:02:22]} 9. e5 {[%emt 0:02:00]} Nd5 {[%emt 0:00:33]} 10. Ne4 {[%emt 0:03:23]} Nc5 {[%emt 0:05:10]} 11. Nd6+ {[%emt 0:01:43]} Bxd6 {[%emt 0:00:15]} 12. exd6 {[%emt 0:00:05]} O-O {[%emt 0:05:09]} 13. c4 {[%emt 0:01:12]} Nf6 {[%emt 0:00:19]} 14. Ne5 {[%emt 0:03:09]} Ncd7 {[%emt 0:00:59]} 15. f4 {[%emt 0:05:13]} b5 {[%emt 0:03:31]} 16. cxb5 {[%emt 0:02:23]} cxb5 {[%emt 0:00:11]} 17. Kh1 {[%emt 0:00:41]} Qb6 {[%emt 0:05:23]} 18. Bf3 {[%emt 0:01:10]} Bxf3 {[%emt 0:06:35]} 19. Rxf3 {[%emt 0:00:07]} Nxe5 {[%emt 0:02:17]} 20. Be3 {[%emt 0:05:52]} Qa5 {[%emt 0:04:33]} 21. fxe5 {[%emt 0:00:19]} Nd5 {[%emt 0:00:37]} 22. Bc5 {[%emt 0:02:21]} b4 {[%emt 0:04:01]} 23. Bf2 {[%emt 0:07:17]} Rfb8 {[%emt 0:07:55]} 24. Qd2 {[%emt 0:08:16]} Qd8 {[%emt 0:01:00]} 25. Rg3 {[%emt 0:11:41]} a5 {[%emt 0:04:56]} 26. Be3 {[%emt 0:09:05]} Rb7 {[%emt 0:02:47]} 27. Rf1 {[%emt 0:03:50]} a4 {[%emt 0:01:57]} 28. Bh6 {[%emt 0:01:46]} f6 {[%emt 0:01:23]} 29. exf6 {[%emt 0:00:43]} Nxf6 {[%emt 0:00:19]} 30. Bg5 {[%emt 0:02:02]} Ne4 {[%emt 0:02:02]} 31. Bxd8 {[%emt 0:02:03]} Nxd2 {[%emt 0:00:12]} 32. Rd1 {[%emt 0:00:21]} Ne4 {[%emt 0:00:04]} 33. Kg1 {[%emt 0:07:27]} Nxg3 {[%emt 0:00:27]} 34. Be7 {[%emt 0:00:37]} Nf5 {[%emt 0:01:46]} 35. d7 {[%emt 0:01:02]} Nxe7 {[%emt 0:00:16]} 36. d8=Q+ {[%emt 0:00:17]} Rxd8 {[%emt 0:00:07]} 37. Rxd8+ {[%emt 0:00:05]} Kf7 {[%emt 0:00:08]} 38. Ra8 {[%emt 0:00:10]} a3 {[%emt 0:01:29]} 39. bxa3 {[%emt 0:00:08]} bxa3 {[%emt 0:00:06]} 40. Rxa3 {[%emt 0:00:44]} Nd5 {[%emt 0:00:30]} 41. Rf3+ {[%emt 0:01:09]} Ke7 {[%emt 0:00:32]} 42. a4 {[%emt 0:00:41]} Rb1+ {[%emt 0:00:16]} 43. Kf2 {[%emt 0:00:05]} Ra1 {[%emt 0:00:18]} 44. Rg3 {[%emt 0:00:16]} Ra2+ {[%emt 0:00:37]} 45. Kf1 {[%emt 0:01:02]} g6 {[%emt 0:00:06]} 46. Rh3 {[%emt 0:00:33]} h5 {[%emt 0:00:26]} 47. Rg3 {[%emt 0:00:06]} Rxa4 {[%emt 0:01:07]} 48. Rxg6 {[%emt 0:00:10]} Rg4 {[%emt 0:00:59]} 49. Rxg4 {[%emt 0:03:17]} hxg4 {[%emt 0:00:18]} 50. Kf2 {[%emt 0:00:19]} Kf6 {[%emt 0:00:32]} 51. h3 {[%emt 0:02:16]} gxh3 {[%emt 0:00:15]} 52. gxh3 {[%emt 0:00:05]} Kg5 {[%emt 0:00:24]} 53. Kg3 {[%emt 0:01:25]} e5 {[%emt 0:01:27]} 54. Kf3 {[%emt 0:01:55]} Ne7 {[%emt 0:00:33]} 55. Kg3 {[%emt 0:01:42]} Ng6 {[%emt 0:01:10]} 56. Kh2 {[%emt 0:01:34]} Nf4 {[%emt 0:00:43]} 57. Kg3 {[%emt 0:00:16]} Ng6 {[%emt 0:00:57]} 58. Kh2 {[%emt 0:00:11]} Kh4 {[%emt 0:00:13]} 59. Kg2 {[%emt 0:00:14]} Nf4+ {[%emt 0:00:22]} 60. Kf3 {[%emt 0:00:09]} Kxh3 {[%emt 0:00:32]} 61. Ke4 {[%emt 0:00:17]} Ng6 {[%emt 0:00:11]} 62. Kf3 {[%emt 0:00:10]} Kh4 {[%emt 0:00:14]} 63. Ke4 {[%emt 0:01:13]} Kg4 {[%emt 0:00:18]} 64. Ke3 {[%emt 0:00:29]} Kf5 {[%emt 0:00:08]} 65. Kf3 {[%emt 0:00:10]} e4+ {[%emt 0:00:34]} 66. Ke3 {[%emt 0:00:15]} Ne5 {[%emt 0:00:35]} 67. Ke2 {[%emt 0:00:12]} Kf4 {[%emt 0:00:12]} 68. Kf2 {[%emt 0:00:07]} e3+ {[%emt 0:00:14]} 69. Ke2 {[%emt 0:00:54]} Ke4 {[%emt 0:00:06]} 70. Kf1 {[%emt 0:02:42]} Kd3 {[%emt 0:00:40]} 71. Ke1 {[%emt 0:00:25]} e2 1/2-1/2

[Event "FRA-ch Youth U14 2018"]
[Site "Agen"]
[Date "2018.04.18"]
[Round "5"]
[White "Blanquet, Camille"]
[Black "Bellahcene, Sofia"]
[Result "0-1"]
[WhiteElo "1482"]
[BlackElo "1701"]
[Annotator "NA"]
[PlyCount "96"]
[EventDate "2018.??.??"]
[EventType "swiss"]
[EventCountry "FRA"]
[SourceTitle "playchess.com"]
[Source "ChessBase"]
[SourceQuality "1"]
[TimeControl "5400+30"]

1. e4 {[%emt 0:00:00]} c5 {[%emt 0:00:22]} 2. Nf3 {[%emt 0:00:00]} Nc6 {[%emt 0:00:25]} 3. d4 {[%emt 0:00:00]} cxd4 {[%emt 0:00:31]} 4. Nxd4 {[%emt 0:00:08]} g6 {[%emt 0:00:27]} 5. Nc3 {[%emt 0:00:21]} Bg7 {[%emt 0:00:24]} 6. Be3 {[%emt 0:00:26]} Nf6 {[%emt 0:00:34]} 7. Bc4 {[%emt 0:02:02]} Qa5 {[%emt 0:00:22]} 8. f3 {[%emt 0:12:00]} Qb4 {[%emt 0:07:37]} 9. Bb3 {[%emt 0:01:30]} Nxe4 {[%emt 0:02:54]} 10. fxe4 {[%emt 0:02:51]} Bxd4 {[%emt 0:01:08]} 11. Bxd4 {[%emt 0:01:45]} Qxd4 {[%emt 0:00:18]} 12. Qxd4 {[%emt 0:01:47]} Nxd4 {[%emt 0:00:08]} 13. Ba4 {[%emt 0:02:12]} O-O {[%emt 0:10:43]} 14. O-O-O {[%emt 0:01:44]} e5 {[%emt 0:02:15]} 15. h4 {[%emt 0:05:38]} d6 {[%emt 0:03:24]} 16. Nd5 {[%emt 0:04:07]} Be6 {[%emt 0:07:09]} 17. Bb3 {[%emt 0:05:01]} Kg7 {[%emt 0:09:48]} 18. c3 {[%emt 0:02:49]} Nxb3+ {[%emt 0:06:11]} 19. axb3 {[%emt 0:00:50]} Bg4 {[%emt 0:00:47]} 20. Rd2 {[%emt 0:01:00]} Rad8 {[%emt 0:03:25]} 21. Ne3 {[%emt 0:02:26]} Be6 {[%emt 0:01:23]} 22. Kc2 {[%emt 0:01:56]} f5 {[%emt 0:01:46]} 23. exf5 {[%emt 0:01:28]} gxf5 {[%emt 0:00:48]} 24. Rhd1 {[%emt 0:02:48]} f4 {[%emt 0:01:27]} 25. Nc4 {[%emt 0:01:20]} Bxc4 {[%emt 0:07:11]} 26. bxc4 {[%emt 0:00:46]} e4 {[%emt 0:00:31]} 27. Rxd6 Rxd6 {[%emt 0:00:11]} 28. Rxd6 {[%emt 0:02:47]} f3 {[%emt 0:00:17]} 29. gxf3 {[%emt 0:00:34]} exf3 {[%emt 0:00:05]} 30. Rd1 {[%emt 0:00:56]} Rf4 {[%emt 0:00:41]} 31. Rf1 {[%emt 0:00:52]} Rxc4 {[%emt 0:00:24]} 32. Rxf3 {[%emt 0:00:37]} Rxh4 {[%emt 0:00:08]} 33. Rd3 {[%emt 0:00:18]} Rf4 {[%emt 0:00:17]} 34. Rg3+ {[%emt 0:01:07]} Kf7 {[%emt 0:02:55]} 35. Rd3 {[%emt 0:01:41]} Re4 {[%emt 0:01:34]} 36. Rh3 {[%emt 0:01:28]} Kg6 {[%emt 0:01:30]} 37. Rd3 {[%emt 0:01:36]} Re7 {[%emt 0:01:44]} 38. c4 {[%emt 0:02:47]} h5 {[%emt 0:01:03]} 39. Rg3+ {[%emt 0:02:32]} Kf5 {[%emt 0:01:48]} 40. Kd3 {[%emt 0:01:10]} h4 {[%emt 0:00:51]} 41. Rg8 {[%emt 0:01:20]} Rh7 {[%emt 0:00:32]} 42. Rg1 {[%emt 0:00:25]} h3 43. Ke3 {[%emt 0:00:32]} h2 {[%emt 0:00:55]} 44. Rh1 {[%emt 0:00:22]} Kg4 {[%emt 0:00:26]} 45. Kf2 {[%emt 0:00:44]} Kh3 {[%emt 0:02:17]} 46. Rd1 {[%emt 0:01:35]} Rf7+ {[%emt 0:00:16]} 47. Ke3 {[%emt 0:00:22]} Kg2 {[%emt 0:00:10]} 48. Rd2+ {[%emt 0:00:10]} Kg1 {[%emt 0:00:19]} 0-1

[Event "FRA-ch Youth U14 2018"]
[Site "Agen"]
[Date "2018.04.19"]
[Round "6"]
[White "Boyer, Mahel"]
[Black "Decuigniere, Tom"]
[Result "1/2-1/2"]
[WhiteElo "2208"]
[BlackElo "1962"]
[Annotator "NA"]
[PlyCount "71"]
[EventDate "2018.??.??"]
[EventType "swiss"]
[EventCountry "FRA"]
[SourceTitle "playchess.com"]
[Source "ChessBase"]
[SourceQuality "1"]
[TimeControl "5400+30"]

1. e4 {[%emt 0:00:00]} c5 {[%emt 0:00:05]} 2. d3 {[%emt 0:00:00]} Nc6 {[%emt 0:00:45]} 3. g3 {[%emt 0:00:00]} d5 {[%emt 0:03:31]} 4. Nd2 {[%emt 0:00:39]} Nf6 {[%emt 0:01:14]} 5. Bg2 {[%emt 0:00:48]} g6 {[%emt 0:01:48]} 6. Ngf3 {[%emt 0:03:56]} Bg7 {[%emt 0:01:05]} 7. O-O {[%emt 0:00:09]} O-O {[%emt 0:00:29]} 8. Re1 {[%emt 0:03:18]} b6 {[%emt 0:13:53]} 9. c3 {[%emt 0:19:31]} dxe4 {[%emt 0:09:31]} 10. dxe4 {[%emt 0:00:29]} Ng4 {[%emt 0:17:31]} 11. e5 {[%emt 0:18:47] A08: King's Indian Attack} Bd7 $146 {[%emt 0:11:12]} ({Predecessor:} 11... Bb7 12. h3 Nh6 13. Qe2 f5 14. Ng5 Qc8 15. Qc4+ Kh8 16. Ndf3 Rd8 17. Qh4 Na5 18. e6 Qc6 19. Nxh7 Kxh7 {1-0 (29) Weindl,A (2357)-Lerch,P (2269) Germany 2008}) 12. Nc4 {[%emt 0:16:43]} Be6 {[%emt 0:02:22]} 13. Qe2 {[%emt 0:01:06]} Bxc4 {[%emt 0:10:17]} 14. Qxc4 {[%emt 0:00:03]} Ngxe5 {[%emt 0:02:07]} 15. Nxe5 {[%emt 0:06:59]} Nxe5 {[%emt 0:00:06]} 16. Qe4 {[%emt 0:03:50]} Rc8 {[%emt 0:03:10]} 17. Bg5 {[%emt 0:02:48]} f6 {[%emt 0:07:10]} 18. Rad1 {[%emt 0:00:52]} Qc7 {[%emt 0:00:31]} 19. Bf4 {[%emt 0:00:19]} Rcd8 {[%emt 0:00:58]} 20. Bxe5 {[%emt 0:10:17]} fxe5 {[%emt 0:00:01]} 21. Qc4+ {[%emt 0:01:14]} Kh8 {[%emt 0:00:05]} 22. Bd5 $11 {[%emt 0:00:39]} Rd6 {[%emt 0:00:48]} 23. Qg4 {[%emt 0:02:29]} Qd7 {[%emt 0:01:44]} 24. Qxd7 {[%emt 0:00:05]} Rxd7 {[%emt 0:00:01]} 25. Kf1 {[%emt 0:05:01]} Rfd8 {[%emt 0:00:14]} 26. Bb3 {[%emt 0:00:08]} Rxd1 {[%emt 0:00:13]} 27. Rxd1 {[%emt 0:00:05]} Rxd1+ {[%emt 0:00:01]} 28. Bxd1 {[%emt 0:00:01]} Kg8 {[%emt 0:00:50]} 29. Ke2 {[%emt 0:00:19]} Kf8 {[%emt 0:00:50]} 30. Kd3 {[%emt 0:00:06]} Ke8 {[%emt 0:00:44]} 31. Kc4 {[%emt 0:00:18]} Kd7 {[%emt 0:00:18]} 32. Kd5 {[%emt 0:01:00]} e6+ {[%emt 0:01:08]} 33. Kc4 {[%emt 0:00:05]} Bh6 {[%emt 0:00:00]} 34. Kb5 {[%emt 0:00:50]} Bc1 {[%emt 0:00:37]} 35. b3 {[%emt 0:00:24]} Kc7 {[%emt 0:00:07]} 36. Bg4 {[%emt 0:02:09]} 1/2-1/2

[Event "FRA-ch Youth U14 2018"]
[Site "Agen"]
[Date "2018.04.19"]
[Round "6"]
[White "Cohen Revivo, Shoham"]
[Black "Bassini, Emile"]
[Result "0-1"]
[WhiteElo "2180"]
[BlackElo "2021"]
[Annotator "NA"]
[PlyCount "147"]
[EventDate "2018.??.??"]
[EventType "swiss"]
[EventCountry "FRA"]
[SourceTitle "playchess.com"]
[Source "ChessBase"]
[SourceQuality "1"]
[TimeControl "5400+30"]

1. e4 {[%emt 0:01:45]} c5 {[%emt 0:00:04]} 2. Nf3 {[%emt 0:00:11]} d6 {[%emt 0:00:05]} 3. d4 {[%emt 0:00:43]} cxd4 {[%emt 0:00:04]} 4. Nxd4 {[%emt 0:00:06]} Nf6 {[%emt 0:00:04]} 5. Nc3 {[%emt 0:01:41]} a6 {[%emt 0:00:05]} 6. Bc4 {[%emt 0:00:28]} e6 {[%emt 0:00:11]} 7. O-O {[%emt 0:01:52]} b5 {[%emt 0:01:00] B86: Sicilian Scheveningen/Najdorf: 6 Bc4, without early ...b5} 8. Bd3 {[%emt 0:00:46]} (8. Bb3 Be7 9. Qf3 Qb6 10. Be3 Qb7 11. Qg3 Nbd7 12. f3 b4 13. Na4 O-O 14. Rfd1 Rb8 15. Ne2 Ne5 16. a3 a5 17. axb4 axb4 18. Nb6 Qc7 19. Qf2 Nfd7 20. Ra7 Rb7 21. Nxc8 Rxc8 22. Rxb7 Qxb7 {0-1 (29) Ivanchuk,V (2726)-Artemiev,V (2691) Huaian 2017}) 8... Qc7 {[%emt 0:01:20]} 9. a3 {[%emt 0:03:08]} Nbd7 {[%emt 0:00:18]} 10. Re1 {[%emt 0:01:51]} Bb7 {[%emt 0:00:12]} 11. Bg5 {[%emt 0:01:46]} Be7 {[%emt 0:01:12]} 12. Qd2 $146 {[%emt 0:02:27]} ({Predecessor:} 12. Nf3 O-O 13. h3 Rad8 14. Rc1 Rfe8 15. Nb1 {1-0 (33) Mikus,T (1861)-Svonavec,S (1985) Slovakia 2016}) 12... O-O {[%emt 0:00:40]} 13. Rad1 {[%emt 0:06:30]} Rac8 {[%emt 0:06:07]} 14. Kh1 {[%emt 0:03:07]} Qb6 {[%emt 0:02:49]} 15. Be3 {[%emt 0:04:23]} Qc7 {[%emt 0:03:53]} 16. f3 {[%emt 0:08:25]} d5 {[%emt 0:03:24]} 17. exd5 {[%emt 0:08:52]} Nxd5 {[%emt 0:03:04]} 18. Nxd5 {[%emt 0:00:09]} Bxd5 {[%emt 0:00:07]} 19. Bf4 {[%emt 0:04:41]} Bd6 {[%emt 0:03:13]} 20. Bxd6 {[%emt 0:00:08]} Qxd6 {[%emt 0:00:03]} 21. c3 {[%emt 0:00:57]} Nb6 {[%emt 0:02:10]} 22. Qg5 {[%emt 0:07:08]} Nc4 {[%emt 0:06:29]} 23. Re2 {[%emt 0:05:42]} Qb6 {[%emt 0:18:27]} 24. Bxc4 {[%emt 0:09:32]} Bxc4 {[%emt 0:00:33]} 25. Re4 {[%emt 0:00:49]} Rc5 {[%emt 0:01:39]} 26. Qg3 {[%emt 0:02:04]} g6 {[%emt 0:04:02]} 27. h4 {[%emt 0:02:57]} Bd5 {[%emt 0:06:12]} 28. Re3 {[%emt 0:01:21]} Rfc8 {[%emt 0:03:15]} 29. Rde1 {[%emt 0:01:05]} Bb7 {[%emt 0:06:15]} 30. Re5 {[%emt 0:01:52]} Qc7 {[%emt 0:04:31]} 31. Qg5 {[%emt 0:03:12]} Rxe5 {[%emt 0:00:47]} 32. Rxe5 {[%emt 0:00:07]} Qd8 {[%emt 0:01:20]} 33. Qg3 {[%emt 0:05:21]} Qc7 {[%emt 0:00:57]} 34. f4 {[%emt 0:00:50]} Qc4 {[%emt 0:05:22]} 35. h5 {[%emt 0:00:27]} Rd8 {[%emt 0:00:17]} 36. Kh2 {[%emt 0:03:22]} Rd5 {[%emt 0:05:10]} 37. h6 {[%emt 0:00:27]} f6 {[%emt 0:02:39]} 38. Qh4 {[%emt 0:05:34]} Kf7 {[%emt 0:01:05]} 39. Rxd5 {[%emt 0:02:14]} Qxd5 {[%emt 0:00:04]} 40. Qg4 {[%emt 0:00:07]} Qe4 {[%emt 0:03:52]} 41. Qg3 {[%emt 0:00:45]} Bd5 {[%emt 0:03:12]} 42. Nf3 {[%emt 0:00:45]} Qf5 {[%emt 0:00:24]} 43. Nh4 {[%emt 0:00:29]} Qh5 {[%emt 0:00:47]} 44. f5 {[%emt 0:00:38]} e5 {[%emt 0:00:51]} 45. fxg6+ {[%emt 0:00:01]} hxg6 {[%emt 0:00:08]} 46. Qh3 {[%emt 0:00:05]} Be6 {[%emt 0:00:13]} 47. Qe3 {[%emt 0:01:07]} Qxh4+ {[%emt 0:00:04]} 48. Kg1 {[%emt 0:00:03]} Bd7 {[%emt 0:01:34]} 49. Qa7 {[%emt 0:00:14]} Qe1+ {[%emt 0:00:22]} 50. Kh2 {[%emt 0:00:04]} Qd2 {[%emt 0:00:07]} 51. h7 {[%emt 0:00:32]} Kg7 {[%emt 0:00:08]} 52. Qxa6 {[%emt 0:00:50]} Kxh7 {[%emt 0:00:36]} 53. Kg1 {[%emt 0:01:53]} Qc1+ {[%emt 0:00:28]} 54. Kh2 {[%emt 0:00:19]} Qf4+ {[%emt 0:00:03]} 55. Kg1 {[%emt 0:00:07]} e4 {[%emt 0:00:06]} 56. Qb7 {[%emt 0:00:43]} Qf5 {[%emt 0:00:07]} 57. Qa7 {[%emt 0:00:35]} g5 {[%emt 0:00:28]} 58. Qe3 {[%emt 0:01:01]} Kg6 {[%emt 0:00:13]} 59. b3 {[%emt 0:00:19]} Be6 {[%emt 0:00:35]} 60. a4 {[%emt 0:00:13]} bxa4 {[%emt 0:00:09]} 61. bxa4 {[%emt 0:00:01]} Bc4 {[%emt 0:00:08]} 62. Qd4 {[%emt 0:00:15]} Qd5 {[%emt 0:00:34]} 63. Qb6 g4 {[%emt 0:01:23]} 64. Qb8 {[%emt 0:00:49]} Qc5+ {[%emt 0:00:58]} 65. Kh1 {[%emt 0:00:00]} e3 {[%emt 0:00:21]} 66. Qe8+ {[%emt 0:00:12]} Bf7 {[%emt 0:00:19]} 67. Qe4+ {[%emt 0:00:01]} f5 {[%emt 0:00:08]} 68. Qd3 {[%emt 0:00:40]} g3 {[%emt 0:01:05]} 69. a5 {[%emt 0:00:42]} Qd5 {[%emt 0:00:54]} 70. Qa6+ {[%emt 0:00:57]} Kg5 {[%emt 0:00:12]} 71. Qf1 {[%emt 0:00:28]} Qd8 {[%emt 0:00:27]} 72. Qf3 {[%emt 0:00:29]} Qh8+ {[%emt 0:00:06]} 73. Kg1 {[%emt 0:00:05]} Qh2+ {[%emt 0:00:04]} 74. Kf1 {[%emt 0:00:04]} 0-1

[Event "FRA-ch Youth U14 2018"]
[Site "Agen"]
[Date "2018.04.19"]
[Round "6"]
[White "Lary, Damien"]
[Black "Ciccoli, Theo"]
[Result "1/2-1/2"]
[WhiteElo "2072"]
[BlackElo "2126"]
[Annotator "NA"]
[PlyCount "83"]
[EventDate "2018.??.??"]
[EventType "swiss"]
[EventCountry "FRA"]
[SourceTitle "playchess.com"]
[Source "ChessBase"]
[SourceQuality "1"]
[TimeControl "5400+30"]

1. Nf3 {[%emt 0:00:00]} c5 {[%emt 0:00:37]} 2. e4 {[%emt 0:00:56]} d6 {[%emt 0:00:10]} 3. d4 {[%emt 0:00:05]} cxd4 {[%emt 0:00:09]} 4. Nxd4 {[%emt 0:00:02]} Nf6 {[%emt 0:00:14]} 5. Nc3 {[%emt 0:00:11]} g6 {[%emt 0:00:07]} 6. f4 {[%emt 0:01:42]} Nc6 {[%emt 0:00:39]} 7. Nxc6 {[%emt 0:00:17]} bxc6 {[%emt 0:00:01]} 8. e5 {[%emt 0:00:11]} Nd7 {[%emt 0:02:09]} 9. exd6 {[%emt 0:01:06]} exd6 {[%emt 0:00:12]} 10. Be3 {[%emt 0:01:57]} Be7 {[%emt 0:06:51]} 11. Be2 {[%emt 0:08:27]} O-O {[%emt 0:06:15]} 12. O-O {[%emt 0:00:20]} Nb6 {[%emt 0:04:26]} 13. b3 {[%emt 0:06:05]} Re8 {[%emt 0:06:19]} 14. Qd2 {[%emt 0:02:41]} Bf6 {[%emt 0:06:31]} 15. Bf3 {[%emt 0:02:08]} d5 {[%emt 0:04:19]} 16. Rad1 {[%emt 0:09:40]} Bf5 {[%emt 0:06:34]} 17. Ne2 {[%emt 0:07:34]} Qc7 {[%emt 0:10:38]} 18. Bd4 {[%emt 0:01:39]} Bxd4+ {[%emt 0:07:10]} 19. Nxd4 {[%emt 0:00:16]} Bd7 {[%emt 0:06:04]} 20. f5 {[%emt 0:11:10]} c5 {[%emt 0:03:46]} 21. f6 {[%emt 0:05:04]} Qd6 {[%emt 0:01:46]} 22. Ne2 {[%emt 0:01:03]} Re6 {[%emt 0:10:02]} 23. Nc3 {[%emt 0:09:18]} Bc6 {[%emt 0:05:57]} 24. Nxd5 {[%emt 0:05:34]} Nxd5 {[%emt 0:01:03]} 25. Bxd5 {[%emt 0:00:02]} Bxd5 {[%emt 0:01:05]} 26. Qxd5 {[%emt 0:00:01]} Rd8 {[%emt 0:03:00]} 27. Qf3 {[%emt 0:06:11]} Qf8 {[%emt 0:01:28]} 28. Qc3 {[%emt 0:01:24]} Red6 {[%emt 0:01:01]} 29. Rde1 {[%emt 0:01:01]} Rd2 {[%emt 0:00:54]} 30. Re7 {[%emt 0:00:39]} h5 {[%emt 0:02:25]} 31. Rfe1 {[%emt 0:09:08]} Qh6 {[%emt 0:01:16]} 32. Qxc5 {[%emt 0:02:23]} Qf4 {[%emt 0:01:14]} 33. Re8+ {[%emt 0:01:14]} Kh7 {[%emt 0:00:28]} 34. Rxd8 {[%emt 0:00:24]} Rxd8 {[%emt 0:00:13]} 35. Rf1 {[%emt 0:03:48]} Qe4 {[%emt 0:01:22]} 36. Qxa7 {[%emt 0:00:55]} Rd2 {[%emt 0:00:59]} 37. Qxf7+ {[%emt 0:02:11]} Kh6 {[%emt 0:00:01]} 38. Qf8+ {[%emt 0:00:40]} Kg5 {[%emt 0:00:01]} 39. Qc5+ {[%emt 0:00:35]} Kh6 {[%emt 0:00:16]} 40. Qf8+ {[%emt 0:00:07]} Kg5 {[%emt 0:00:01]} 41. Qc5+ {[%emt 0:00:06]} Kh6 {[%emt 0:00:01]} 42. Qf8+ {[%emt 0:01:46]} 1/2-1/2

[Event "FRA-ch Youth U14 2018"]
[Site "Agen"]
[Date "2018.04.19"]
[Round "6"]
[White "Yuan, Beline"]
[Black "Tomasi, Elise"]
[Result "1/2-1/2"]
[WhiteElo "2035"]
[BlackElo "1689"]
[Annotator "NA"]
[PlyCount "105"]
[EventDate "2018.??.??"]
[EventType "swiss"]
[EventCountry "FRA"]
[SourceTitle "playchess.com"]
[Source "ChessBase"]
[SourceQuality "1"]
[TimeControl "5400+30"]

1. d4 {[%emt 0:00:00]} d5 {[%emt 0:00:37]} 2. c4 {[%emt 0:00:18]} e6 {[%emt 0:00:19]} 3. Nc3 {[%emt 0:00:29]} Nf6 {[%emt 0:00:47]} 4. Bg5 {[%emt 0:00:42]} Be7 {[%emt 0:01:07]} 5. e3 {[%emt 0:00:47]} O-O {[%emt 0:00:45]} 6. Bd3 {[%emt 0:00:37]} h6 {[%emt 0:00:46]} 7. Bh4 {[%emt 0:00:21]} b6 {[%emt 0:01:14] D53: Queen's Gambit Declined: 4 Bg5 Be7: Early deviations} (7... Nbd7 8. Nf3 c5 9. O-O cxd4 10. exd4 dxc4 11. Bxc4 Nb6 12. Bb3 Bd7 13. Ne5 Bc6 14. Nxc6 bxc6 15. Rc1 Rc8 16. Na4 Nxa4 17. Bxa4 Nd5 18. Bxe7 Nxe7 19. b3 Nf5 20. Rxc6 Rxc6 21. Bxc6 Qxd4 {½-½ (30) Adly,A (2597)-Sargissian,G (2666) Dubai 2017}) 8. cxd5 {[%emt 0:00:29]} Nxd5 {[%emt 0:01:08]} 9. Bg3 {[%emt 0:01:41]} Bb7 {[%emt 0:04:08]} 10. Nf3 {[%emt 0:03:39]} c5 {[%emt 0:05:07]} 11. Rc1 {[%emt 0:02:54]} Nc6 {[%emt 0:04:27]} 12. O-O {[%emt 0:01:13]} Rc8 {[%emt 0:09:56]} 13. Bb1 {[%emt 0:07:53]} cxd4 {[%emt 0:07:17]} 14. exd4 {[%emt 0:02:21]} Nxc3 {[%emt 0:02:36]} 15. Rxc3 $146 {[%emt 0:03:09]} ({Predecessor:} 15. bxc3 Bf6 16. Qd3 g6 17. Qe3 Kg7 18. h4 {½-½ (18) Savola,L (2034)-Paldanius,P (2251) Tampere 2008}) 15... Bf6 {[%emt 0:12:09]} 16. Qd3 {[%emt 0:04:29]} g6 {[%emt 0:01:18]} 17. Rd1 {[%emt 0:00:37]} Qd5 {[%emt 0:08:29]} 18. Qe3 {[%emt 0:25:37]} Nxd4 {[%emt 0:16:25]} 19. Rxd4 {[%emt 0:01:23]} Bxd4 {[%emt 0:01:29]} 20. Qxd4 {[%emt 0:00:09]} Qxd4 {[%emt 0:02:27]} 21. Nxd4 {[%emt 0:00:05]} Rcd8 {[%emt 0:02:09]} 22. Be5 {[%emt 0:05:58]} Rd5 {[%emt 0:10:34]} 23. f4 {[%emt 0:12:05]} f6 {[%emt 0:01:00]} 24. Be4 $15 {[%emt 0:05:30]} Rxd4 {[%emt 0:01:36]} 25. Bxd4 {[%emt 0:00:28]} Bxe4 {[%emt 0:00:09]} 26. Rc7 {[%emt 0:00:22]} Rf7 {[%emt 0:00:21]} 27. Rc8+ {[%emt 0:00:53]} Kg7 {[%emt 0:00:25]} 28. g3 {[%emt 0:00:35]} Rd7 {[%emt 0:01:11]} 29. Bc3 {[%emt 0:00:06]} Bd5 {[%emt 0:00:40]} 30. a3 {[%emt 0:00:05]} Bb7 {[%emt 0:00:37]} 31. Rc4 {[%emt 0:01:50]} Ba6 {[%emt 0:01:35]} 32. Re4 {[%emt 0:02:39]} Kf7 {[%emt 0:00:26]} 33. Kf2 {[%emt 0:00:21]} Bb7 {[%emt 0:00:47]} 34. Rc4 {[%emt 0:00:25]} Ba6 {[%emt 0:00:18]} 35. Ra4 {[%emt 0:02:25]} Bb5 {[%emt 0:00:20]} 36. Re4 {[%emt 0:00:59]} Bc6 {[%emt 0:00:17]} 37. Re3 {[%emt 0:01:32]} Rd1 {[%emt 0:00:57]} 38. Re1 {[%emt 0:05:46]} Rxe1 {[%emt 0:00:36]} 39. Bxe1 {[%emt 0:00:03]} e5 {[%emt 0:00:24]} 40. fxe5 {[%emt 0:00:37]} fxe5 {[%emt 0:00:10]} 41. Bd2 {[%emt 0:01:18]} h5 {[%emt 0:00:07]} 42. Ke3 {[%emt 0:01:51]} Ke6 {[%emt 0:00:04]} 43. Bc3 {[%emt 0:00:13]} Kf5 {[%emt 0:00:59]} 44. h4 {[%emt 0:00:11]} Ke6 {[%emt 0:00:13]} 45. Kd3 {[%emt 0:01:18]} Kd5 {[%emt 0:00:19]} 46. Ke3 {[%emt 0:01:06]} e4 {[%emt 0:00:23]} 47. Kf4 {[%emt 0:00:34]} Bd7 {[%emt 0:00:16]} 48. Ke3 {[%emt 0:00:14]} Bc6 {[%emt 0:00:07]} 49. Kf4 {[%emt 0:00:50]} Bd7 {[%emt 0:00:06]} 50. Ke3 {[%emt 0:00:42]} Bc6 {[%emt 0:00:09]} 51. Kf4 {[%emt 0:03:18]} Bd7 {[%emt 0:00:12]} 52. Ke3 {[%emt 0:00:19]} Bc6 {[%emt 0:00:10]} 53. Kf4 {[%emt 0:00:08] Ke5+ Kxe4+} 1/2-1/2